The Hunt for red October / Tom Clancy

Novela de ficción dramática que gira en torno al oficial lituano Marko Ramius, quien trata de desertar a los Estados Unidos con el submarino nuclear Octubre Rojo, que tiene una tecnología que no permite que sus enemigos lo detecten completamente, sin embargo, las fuerzas navales soviéticas deciden p...

Ausführliche Beschreibung

Gespeichert in:
Bibliographische Detailangaben
1. Verfasser: Clancy, Tom
Format: Buch
Sprache:Undetermined
Veröffentlicht: New York, Estados Unidos Berkeley Books 1985
Schlagworte:
Tags: Tag hinzufügen
Keine Tags, Fügen Sie den ersten Tag hinzu!

MARC

LEADER 00000nam a2200000Ia 4500
008 170316s9999 xx 000 0 und d
040 |a cru BVZT 
090 |a 810 C-8h 
100 |a Clancy, Tom 
245 4 |a The Hunt for red October / Tom Clancy 
260 |a New York, Estados Unidos  |b Berkeley Books  |c 1985 
300 |a 469 páginas 
520 |a Novela de ficción dramática que gira en torno al oficial lituano Marko Ramius, quien trata de desertar a los Estados Unidos con el submarino nuclear Octubre Rojo, que tiene una tecnología que no permite que sus enemigos lo detecten completamente, sin embargo, las fuerzas navales soviéticas deciden perseguirlo, sin contar que Ramius tendrá la ayuda de Jack Ryan, un agente de la CIA, que velará para que el submarino se quede en aguas americanas. La obra escrita en 1984 por Tom Clancy, intenta hacer uso de situaciones científicas para validar los hechos que ocurren a lo largo de la novela, lo que generó la aclamación de los lectores. 
650 |a LITERATURA ESTADOUNIDENSE  |9 25 
650 |a EN IDIOMA INGLÉS  |9 129 
650 |a NOVELA  |9 13 
999 |c 5529  |d 5529 
942 |c 15 D  |h 810 C-8h  |2 z